banner koha

Efeito da aplicacao de calcario, gesso e materia organica na formacao de cafezais em solo de cerrado (Registro n. 324597)

MARC details
000 -LÍDER
campo de controle de tamanho fixo 01212naa a22003497a 4500
001 - NÚMERO DE CONTROLE
campo de controle BR9406818
003 - IDENTIFICADOR DO NÚMERO DE CONTROLE
campo de controle BR-BrBNA
005 - DATA E HORÁRIO DA ÚLTIMA TRANSAÇÃO
campo de controle 20240918181307.0
007 - CAMPO FIXO DE DESCRIÇÃO FÍSICA--INFORMAÇÃO GERAL
campo de controle de tamanho fixo ta
008 - CAMPO DE DADOS FIXOS--INFORMAÇÃO GERAL
campo de controle de tamanho fixo 230509b bl.||||| |||| 00| 0 por d
040 ## - FONTE DA CATALOGAÇÃO
Instituição da catalogação original BR-BrBNA
Idioma da catalogação por
Instituição que transcreveu o registro Biblioteca Nacional de Agricultura
041 ## - CÓDIGO DE IDIOMA
Código do idioma do texto/trilha sonora ou título diferente (Pt)
072 ## - CÓDIGO DE CATEGORIA DE ASSUNTO
Código de Categoria de Assunto F04
Código do objeto 2120
-- 3840
090 ## - NÚMERO DE CHAMADA LOCAL
Número de chamada F04 BR9406818
100 1# - ENTRADA PRINCIPAL--NOME PESSOAL
Nome pessoal Magalhaes, J.C.A.J. de
100 1# - ENTRADA PRINCIPAL--NOME PESSOAL
Nome pessoal Pereira, J.
100 1# - ENTRADA PRINCIPAL--NOME PESSOAL
Nome pessoal Miranda, L.N. de
100 1# - ENTRADA PRINCIPAL--NOME PESSOAL
Nome pessoal Lobato, E.
100 1# - ENTRADA PRINCIPAL--NOME PESSOAL
Nome pessoal Sousa, D.M.G. de
100 1# - ENTRADA PRINCIPAL--NOME PESSOAL
Nome pessoal Sampaio, J.B.R.
245 1# - TÍTULO
Título Efeito da aplicacao de calcario, gesso e materia organica na formacao de cafezais em solo de cerrado
260 3# - PUBLICAÇÃO, DISTRIBUIÇÃO, ETC.
Local de publicação, distribuição, etc. Planaltina, DF (Brasil):
Data da publicação, distribuição, etc. 1994.
500 ## - NOTA GERAL
Nota geral Relatorio tecnico anual do Centro de Pesquisa Agropecuaria dos Cerrados 1987/1990<br/>Planaltina, DF (Brasil): 1994. p. 140-144<br/>(BR9406818-AM)F04<br/>
650 ## - ASSUNTO--TERMO TÓPICO
Cabeçalho tópico ou nome geográfico Cafe
650 ## - ASSUNTO--TERMO TÓPICO
Cabeçalho tópico ou nome geográfico Calcario
650 ## - ASSUNTO--TERMO TÓPICO
Cabeçalho tópico ou nome geográfico Gesso
650 ## - ASSUNTO--TERMO TÓPICO
Cabeçalho tópico ou nome geográfico Materia Organica
650 ## - ASSUNTO--TERMO TÓPICO
Cabeçalho tópico ou nome geográfico Cerrado
773 0# - ENTRADA ANALÍTICA
Título Relatorio tecnico anual do Centro de Pesquisa Agropecuaria dos Cerrados 1987/1990
Número de controle do registro F04 BR9406818
Partes relacionadas Planaltina, DF (Brasil), 1994. p. 140-144
909 ## -
-- 202404
-- Lucia
-- 55
-- Lucia Elande
942 ## - ELEMENTOS DE ENTRADA ADICIONADOS (KOHA)
Tipo de material Koha Capítulo-Livro
Fonte da classificação ou esquema de arquivamento na estante Classificação AGRIS
Exemplares
Situação do descarte Fonte da classificação ou esquema de arquivamento na estante Situação física Não pode ser emprestado Coleção Biblioteca de origem Biblioteca atual Localização na estante Total de empréstimos Número de telefone completo Data de último acesso Número do exemplar Tipo de material Koha Situação das perdas Data de aquisição Fonte de aquisição
  Classificação AGRIS       Biblioteca Nacional de Agricultura - Binagri Biblioteca Nacional de Agricultura - Binagri Agrobase - Acervo Geral   A50 BR0403940 20/05/2024 01 Capítulo-Livro   2024-04-11 Portaria Interministerial nº 164/94

BINAGRI

Telefone: (61)3218-2567/2388/3357/2097 - binagri@agro.gov.br

Ministério da Agricultura e Pecuária , Esplanada dos Ministérios, Bloco D, Anexo B, Brasília/DF, CEP: 70.043-900